Statistics for Guess Countries in the Shape of a Mystery Country #2

Click here to take the quiz!

General Stats

  • This quiz has been taken 60 times
  • The average score is 30 of 42

Answers on the Map

Answers color-coded by a green-red scale on the quiz's map according to % correct below.
 

Answer Stats

Country% Correct
China
93%
Russia
91%
Kazakhstan
85%
Mongolia
85%
Oman
76%
Saudi Arabia
76%
Afghanistan
74%
Iran
74%
Turkmenistan
74%
Uzbekistan
74%
Angola
72%
Botswana
72%
Democratic Republic
of the Congo
72%
Eswatini
72%
Kenya
72%
Lesotho
72%
Mozambique
72%
Namibia
72%
South Africa
72%
Tajikistan
72%
United Arab Emirates
72%
Yemen
72%
Zambia
72%
Zimbabwe
72%
Ethiopia
70%
Malawi
70%
Pakistan
70%
Qatar
70%
Tanzania
70%
Uganda
70%
Eritrea
67%
Kyrgyzstan
67%
Madagascar
67%
Republic of the Congo
67%
Somalia
67%
Bahrain
65%
Burundi
65%
Djibouti
65%
Comoros
63%
Rwanda
63%
South Sudan
63%
France
22%

Score Distribution

Percentile by Number Answered

Percent of People with Each Score

Your Score History

You have not taken this quiz